000 00687nam a22001937a 4500
999 _c176284
_d176284
005 20201209161035.0
010 _aUR-10958
020 _c250.00
_a9789390100149
035 _aU-9513
037 _bDBAD/PUB
082 _a954.11
100 _aمحمد ر يا ض
245 _aا صبا ب ا ير ا ن صغير (و ا د ئ کشمير )
_cمحمد ر يا ض
246 _bAsbaab -e-Iran-e-Saghir (Urdu)
_aby Mohd.Riaz
260 _aN.Delhi
_bEducational Publishing House
_c2020 ء
270 _aH.O.D1/16,Ansari Road,Darya ganj,
_bN.Delhi
_e110002
_k45678285,23216162
_l0091-11-23211540
300 _a159 ص
_c22 Cm(Hb)
942 _2ddc
_cUR
_h954.11
_mم ح م